|
|
|
|
| LEADER |
01182nam a2200301 a 4500 |
| 001 |
1079 |
| 003 |
BD-DhAAL |
| 005 |
20150330120211.0 |
| 008 |
150330s1996 nyua b 001 0 eng |
| 010 |
|
|
|a 95041256
|
| 020 |
|
|
|a 0070004781 (acidfree paper)
|
| 040 |
|
|
|a DLC
|c DLC
|d DLC
|d BD-DhAAL
|
| 050 |
0 |
0 |
|a HF5718
|b .A33 1996
|
| 082 |
0 |
0 |
|a 658.4/5
|2 20
|
| 100 |
1 |
|
|a Adler, Ronald B.
|q (Ronald Brian),
|d 1946-
|9 10214
|
| 245 |
1 |
0 |
|a Communicating at work :
|b principles and practices for business and the professions /
|c Ronald B. Adler, Jeanne Marquardt Elmhorst.
|
| 250 |
|
|
|a 5th ed.
|
| 260 |
|
|
|a New York :
|b McGraw-Hill Co.,
|c c1996.
|
| 300 |
|
|
|a xiv, 496 p. :
|b ill. (some col.) ;
|c 23 cm.
|
| 500 |
|
|
|a "International edition"--T.p. verso.
|
| 504 |
|
|
|a Includes bibliographical references (p. 475-487) and index.
|
| 541 |
|
|
|e 1079
|
| 650 |
|
0 |
|a Business communication.
|9 10215
|
| 650 |
|
0 |
|a Interpersonal communication.
|9 8855
|
| 700 |
1 |
|
|a Elmhorst, Jeanne Marquardt.
|9 10216
|
| 942 |
|
|
|2 ddc
|c BK
|
| 999 |
|
|
|c 34187
|d 34187
|
| 952 |
|
|
|0 0
|1 0
|2 ddc
|4 0
|6 658_450000000000000_ADL
|7 0
|9 53349
|a SCL
|b SCL
|c GEN
|d 2015-03-30
|l 1
|m 1
|o 658.45 ADL
|p 3020001079
|r 2018-05-14
|s 2018-05-13
|t 1
|w 2015-03-30
|y BK
|